| 000 | 00982nam a22002897i 4500 | ||
|---|---|---|---|
| 003 | DO-SdBNP | ||
| 005 | 20241217105646.0 | ||
| 007 | ta | ||
| 008 | 240513b2023 dr ||||| |||| 00| 0 spa d | ||
| 020 | _a9789945940527 | ||
| 040 |
_aDO-SdBNP _bspa _cBNPHU _erda |
||
| 041 | _aspa | ||
| 082 | 0 | 4 |
_a0 _bS631a _222 |
| 100 | 1 |
_aHristo, Slavov _eautor _4aut. _985451 |
|
| 245 | 1 | 0 |
_aAntes de la creación : _bnovela / _cHristo Slavov ; traducción del búlgaro de María Vútova ; edición, Manuel Llibre Otero. |
| 264 | 4 |
_aSanto Domingo, República Dominicana : _bArtecia Ediciones, _c©2023 |
|
| 300 |
_a244 páginas ; _c23 cm. |
||
| 336 |
_atexto _btxt _2rdacontent |
||
| 337 |
_asin mediación _bn _2rdamedia |
||
| 338 |
_avolumen _bnc _2rdacarrier |
||
| 590 | _aInventariado, 2024 /LP | ||
| 650 | 4 |
_aLiteraturas eslavas _985452 |
|
| 700 | 1 |
_aVútova, María, _etraductor _4tr. _985453 |
|
| 700 | 1 |
_aLlibre Otero, Manuel, _eedición _4ed. _985454 |
|
| 910 | _aLP | ||
| 942 |
_2ddc _cLBS1 |
||
| 999 |
_c56647 _d56647 |
||